|
|
|
|
| LEADER |
00000nam0a2200000 4500 |
| 001 |
316556 |
| 005 |
20231102002904.0 |
| 035 |
|
|
|a (RuTPU)RU\TPU\book\342007
|
| 090 |
|
|
|a 316556
|
| 100 |
|
|
|a 20160324d1982 km y0rusy50 ca
|
| 101 |
0 |
|
|a rus
|
| 102 |
|
|
|a RU
|
| 105 |
|
|
|a a z 001zy
|
| 200 |
1 |
|
|a Сооружение воздушных линий электропередачи
|e учебник для среднего профессионально-технического образования
|f Ф. А. Магидин
|
| 205 |
|
|
|a 2-е изд., перераб. и доп.
|
| 210 |
|
|
|a Москва
|c Высшая школа
|d 1982
|
| 215 |
|
|
|a 335 с.
|c ил.
|
| 225 |
1 |
|
|a Профессионально-техническое образование
|
| 320 |
|
|
|a Библиогр.: с. 332
|
| 606 |
1 |
|
|a Электрические линии передачи
|x Постройка
|2 stltpush
|3 (RuTPU)RU\TPU\subj\26996
|9 50811
|
| 610 |
1 |
|
|a учебники
|
| 610 |
1 |
|
|a воздушные линии электропередачи
|
| 610 |
1 |
|
|a ЛЭП
|
| 610 |
1 |
|
|a организация
|
| 610 |
1 |
|
|a подготовка
|
| 610 |
1 |
|
|a строительство
|
| 610 |
1 |
|
|a механизация
|
| 610 |
1 |
|
|a строительные работы
|
| 610 |
1 |
|
|a монтаж
|
| 610 |
1 |
|
|a техника безопасности
|
| 610 |
1 |
|
|a эксплуатация
|
| 610 |
1 |
|
|a трансформаторные подстанции
|
| 675 |
|
|
|a 621.315.17(075.3)
|v 4
|
| 700 |
|
1 |
|a Магидин
|b Ф. А.
|g Феликс Абрамович
|
| 801 |
|
1 |
|a RU
|b 63413507
|c 20160324
|
| 801 |
|
2 |
|a RU
|b 63413507
|c 20210217
|g RCR
|
| 942 |
|
|
|c BK
|